| 000 | 00727nam a22002297a 4500 | ||
|---|---|---|---|
| 005 | 20250711123008.0 | ||
| 010 | _aENG-145934 | ||
| 020 |
_a9789391772253 _c300.00 |
||
| 035 | _aEN-129466 | ||
| 037 | _bDBAD | ||
| 082 | _a006.31 | ||
| 100 |
_aSrinivassulu, Asadi _982926 |
||
| 245 |
_aMachine Learning Technoques/ _cAsadi Srinivassulu...[et.al] |
||
| 250 | _a1 | ||
| 260 |
_aChennai _bForschung Publications _c2022 |
||
| 270 |
_aMogappair _bChennai _k9626166683 _mforchungpublications@gmail.com |
||
| 300 |
_a182p. _c24cm(pb) |
||
| 700 |
_aKshirsagar, Pravin Ramdas _eAuthor _982927 |
||
| 700 |
_aAthilingam, R. _eAuthor _982928 |
||
| 700 |
_aDas, Sunanda _eAuthor _982929 |
||
| 942 |
_2ddc _cEN _h006.31 _mSRI |
||
| 999 |
_c212340 _d212340 |
||